| 000 | 00526nam a2200181 4500 | ||
|---|---|---|---|
| 005 | 20251219122519.0 | ||
| 008 | 251219b |||||||| |||| 00| 0 eng d | ||
| 020 | _a978-93-92242-64-9 | ||
| 041 | _aEng | ||
| 082 |
_21st ed. 2025 _aOG 610.73678 KAU _bB12090 |
||
| 100 |
_aKaur Ramandeep _9215830 |
||
| 245 | _aTextbook of Midwifery and Gynecological (OBG) Nursing for GNM Nursing | ||
| 250 | _a1st ed. 2025 | ||
| 260 |
_aVHS Publishers _bPunjab _c2025 |
||
| 300 | _axviii,814p | ||
| 365 |
_aRupaye _b895 _cINR |
||
| 942 | _cBK | ||
| 999 |
_c369450 _d369450 |
||